| 000 | 00861nac a22002417a 4500 | ||
|---|---|---|---|
| 001 | BR8502401 | ||
| 003 | BR-BrBNA | ||
| 005 | 20240105120321.0 | ||
| 008 | 230509b bl.|||m| |||| 00| 0 por d | ||
| 040 |
_aBR-BrBNA _bpor _cBiblioteca Nacional de Agricultura |
||
| 072 | _aA01 | ||
| 090 | _aA01 BR8502401 | ||
| 110 | 1 |
_aCentro Nacional de Informacao Documental Agricola, Brasilia, DF (Brasil); _91726 |
|
| 110 | 1 | _aBiblioteca Estadual de Agricultura do Parana, Curitiba (Brasil) | |
| 245 | 1 | _aBibliografia paranaense de agricultura | |
| 260 | 3 |
_aBrasilia, DF (Brasil): _c1985. |
|
| 300 | _a642 p. | ||
| 490 |
_aBibliografias Agricolas. Serie Estadual - Centro Nacional de Informacao Documental Agricola (Brazil) _vv. 1 _x |
||
| 650 | _aAGRICULTURA | ||
| 650 | _aBIBLIOGRAFIA | ||
| 909 |
_a202312 _bLúcia Elande _c55 _dLúcia Elande |
||
| 942 |
_2AGRIS _n0 _cMS |
||
| 999 |
_c278847 _d278847 |
||